000 00415nam a2200157Ia 4500
005 20250508155527.0
008 008 250505s9999 xx 000 0 eng d
037 _aBooks to be hide in OPAC
040 _aFEDL
_beng
_cFEDL
041 _aeng
_2eng
084 _a371.716, LAD/O
_qFEDL
245 0 _aNutrition seminar
300 _a111p.
942 _cHB
_h371.716, LAD/O
999 _c1357446
_d1357446